| 000 | 00331nam a2200121Ia 4500 | ||
|---|---|---|---|
| 008 | 220120s9999||||xx |||||||||||||| ||und|| | ||
| 100 | _aOgata, Katsuhiko | ||
| 245 | 0 | _aModern control sy ems | |
| 250 | _a4th | ||
| 260 |
_aPrentice hall of india _bNew Delhi _c2006 |
||
| 300 |
_aXV,743p _b0 |
||
| 650 | _aELECTRONICS AND COMMUNICATIONS | ||
| 999 |
_c132422 _d132422 |
||